000 00643cam a2200229 a 4500
001 000010049
005 20200929161823.0
008 940526s1992 sp 001 0 spa
020 _a8487417213
040 _aDO-SdBNP
_bspa
_cLC
_dBNPHU
082 _a861.64
_bR696v
100 1 _aRodríguez, Claudio.
_924986
245 1 3 _aEl vuelo de la celebración /
_cClaudio Rodríguez.
260 _aMadrid :
_bLa Palma,
_c1992.
300 _a74 p. ;
_c21 cm.
490 1 _aRetorno
650 4 _aPoesía española
_9631
650 4 _aLiteratura española
_9632
830 0 _aRetorno
_925021
910 _aCatalogación por copia / LC
049 _aBNGR
999 _c9808
_d9808